000 00460nam a2200145Ia 4500
008 100122s9999 xx 000 0 und d
082 _b38928
_a823.08
100 _aकुलकर्णी अरुणा
245 _aचंदनाची सावली
260 _bराधेय प्रकाशन
_c1905
300 _a117
630 _aचंदनाची सावली
730 _aचंदनाची सावली
942 _cBOOK
999 _c420844
_d420841